Initialed JL (Images) Quiz Stats

 Plays Quiz not verified by Sporcle

Challenge
Share
Tweet
Score 0/20 Timer 05:00
0 Plays Today
% Correct
John Lennon
98.5%
Jennifer Lopez
95.5%
Jay Leno
74.7%
Jennifer Lawrence
71.4%
Jude Law
60.2%
John Lithgow
55.4%
Jet Li
52.8%
John Legend
46.1%
Jack Lemmon
45.7%
Janet Leigh
45.7%
% Correct
Jerry Lewis
44.2%
Jerry Lee Lewis
42.4%
Jessica Lange
38.7%
Justin Long
35.7%
Joe Louis
35.3%
Jack Lord
30.5%
Joe Lieberman
24.5%
Jack Lalanne
21.6%
Jim Lovell
17.1%
Jim Lehrer
10%

You're not logged in!

Compare scores with friends on all Sporcle quizzes.
OR
Log In

You Might Also Like...

Show Comments

Extras

Top Quizzes Today


Score Distribution

Your Account Isn't Verified!

In order to create a playlist on Sporcle, you need to verify the email address you used during registration. Go to your Sporcle Settings to finish the process.

Report this User

Report this user for behavior that violates our Community Guidelines.

Details: